[Event "EU Universities Rapid"]
[Site "Lodz"]
[Date "2022.07.18"]
[Round "9.17"]
[White "Ghulyan, Janik"]
[Black "Paraschiv, Paul Alexandru"]
[Result "1-0"]
[WhiteElo "1766"]
[BlackElo "2181"]
[PlyCount "141"]
[EventDate "2022.07.16"]
[EventType "team-swiss (rapid)"]
[EventRounds "9"]
[EventCountry "POL"]
[SourceTitle "CBM 209 Extra"]
[Source "ChessBase"]
[SourceDate "2022.09.30"]
[SourceVersion "1"]
[SourceVersionDate "2022.09.30"]
[SourceQuality "1"]
[WhiteTeam "Armenian Economics Univ"]
[BlackTeam "Timisoara Vest Univ"]
[WhiteTeamCountry "ARM"]
[BlackTeamCountry "ROU"]

1. e4 e6 2. d4 d5 3. exd5 exd5 4. Nf3 Nc6 5. Bb5 Bd6 6. Bg5 f6 7. Qe2+ Nge7 8. Bxc6+ bxc6 9. Bh4 a5 10. Nbd2 Ba6 11. Qe6 Rb8 12. 0-0-0 Bc8 13. Qe2 a4 14. a3 Rb6 15. Bg3 0-0 16. Rhe1 Ng6 17. c4 Bf4 18. Qd3 Rb3 19. Qc2 Bh6 20. Kb1 Rb6 21. cxd5 Qxd5 22. Qc4 Bf5+ 23. Ka1 Nf4 24. Bxf4 Bxf4 25. g3 Bd6 26. Nh4 Bg4 27. f3 Bd7 28. Ng2 Kh8 29. Ne3 Qb5 30. Qxb5 cxb5 31. Ne4 Be6 32. d5 Bf7 33. Nf5 Bg6 34. Nexd6 cxd6 35. Ne7 b4 36. Nc6 bxa3 37. bxa3 Rb3 38. Nd4 Rxa3+ 39. Kb2 Rd3 40. Rxd3 Bxd3 41. Re6 Ra8 42. Ka3 h5 43. Rxd6 Kh7 44. Ne6 Bf5 45. Nc5 Ra5 46. Kb4 Ra7 47. Nxa4 Re7 48. Nc3 Re3 49. f4 h4 50. gxh4 Rf3 51. Ne2 Rf2 52. Nd4 Rxf4 53. Kc5 Bh3 54. Ne6 Rxh4 55. Nf8+ Kh6 56. Rd8 Re4 57. d6 Re5+ 58. Kc6 Re2 59. Nd7 Kg5 60. Rh8 Rxh2 61. Rg8 Rc2+ 62. Nc5 g6 63. Kd5 Rd2+ 64. Kc6 Rc2 65. Kb6 Rd2 66. Ne4+ Kf4 67. Nxd2 g5 68. Rh8 Be6 69. Rh6 g4 70. Rxf6+ Ke5 71. Rxe6+ 1-0

[Event "Bucharest Super Rapid op"]
[Site "Bucharest"]
[Date "2022.04.30"]
[Round "2"]
[White "Kuzubov, Yuriy"]
[Black "Paraschiv, Paul Alexandru"]
[Result "1-0"]
[WhiteElo "2639"]
[BlackElo "2143"]
[PlyCount "89"]
[EventDate "2022.04.30"]
[EventType "swiss (rapid)"]
[EventRounds "10"]
[EventCountry "ROU"]
[SourceTitle "CBM 208 Extra"]
[Source "ChessBase"]
[SourceDate "2022.07.31"]
[SourceVersion "1"]
[SourceVersionDate "2022.07.31"]
[SourceQuality "1"]

1. d4 Nf6 2. c4 e6 3. Nf3 d5 4. Nc3 Bb4 5. Qa4+ Nc6 6. e3 0-0 7. Qc2 Bd6 8. Bd2 a6 9. a3 dxc4 10. Bxc4 e5 11. dxe5 Nxe5 12. Nxe5 Bxe5 13. f4 Bxc3 14. Bxc3 Re8 15. 0-0 b5 16. Bxf6 Qxf6 17. Bd5 Bf5 18. Qxc7 Rac8 19. Qa7 Re7 20. Qd4 Qxd4 21. exd4 Rd7 22. Bf3 Rxd4 23. Rad1 Rcd8 24. Rxd4 Rxd4 25. Rd1 Rxd1+ 26. Bxd1 Be4 27. Kf2 Kf8 28. g4 Ke7 29. Ke3 Bc6 30. b4 Kd6 31. g5 f6 32. Kd4 fxg5 33. fxg5 h6 34. gxh6 gxh6 35. Bg4 Kc7 36. Ke5 Kb6 37. Kf6 Be8 38. h4 a5 39. Kg7 axb4 40. axb4 h5 41. Bf3 Kc7 42. Kf8 Bg6 43. Ke7 Bf5 44. Bxh5 Be4 45. Be8 1-0

[Event "ROM-ch U20"]
[Site "Eforie Nord"]
[Date "2022.04.17"]
[Round "8"]
[White "Ghimpu, Samuel Timotei"]
[Black "Paraschiv, Paul Alexandru"]
[Result "1/2-1/2"]
[WhiteElo "2429"]
[BlackElo "2143"]
[PlyCount "33"]
[EventDate "2022.04.11"]
[EventType "tourn"]
[EventRounds "9"]
[EventCountry "ROU"]
[SourceTitle "EXT 2023"]
[Source "ChessBase"]
[SourceDate "2022.10.05"]
[SourceVersion "1"]
[SourceVersionDate "2022.10.05"]
[SourceQuality "1"]

1. d4 d5 2. c4 e6 3. Nc3 Nf6 4. Nf3 Bb4 5. e3 0-0 6. Bd2 a6 7. a3 Be7 8. Qc2 dxc4 9. Bxc4 c5 10. dxc5 Bxc5 11. Ne4 Be7 12. 0-0 Nbd7 13. Nd4 Nxe4 14. Qxe4 Nf6 15. Qc2 Bd7 16. Be2 Rc8 17. Qb3 1/2-1/2

[Event "ROM-ch U20"]
[Site "Eforie Nord"]
[Date "2022.04.12"]
[Round "2"]
[White "Berechet, Stefan Mario"]
[Black "Paraschiv, Paul Alexandru"]
[Result "1/2-1/2"]
[WhiteElo "2024"]
[BlackElo "2143"]
[PlyCount "29"]
[EventDate "2022.04.11"]
[EventType "tourn"]
[EventRounds "9"]
[EventCountry "ROU"]
[SourceTitle "EXT 2023"]
[Source "ChessBase"]
[SourceDate "2022.10.05"]
[SourceVersion "1"]
[SourceVersionDate "2022.10.05"]
[SourceQuality "1"]

1. c4 e5 2. b3 d6 3. g3 f5 4. Bg2 Nf6 5. Nc3 Be7 6. e3 0-0 7. Nge2 c6 8. d4 Qe8 9. Ba3 a5 10. Qd2 Qf7 11. 0-0 Nbd7 12. f4 e4 13. d5 c5 14. Nb5 Nb6 15. Nc7 1/2-1/2

[Event "ROM-ch blitz"]
[Site "Bucharest"]
[Date "2022.03.13"]
[Round "3"]
[White "Paraschiv, Paul Alexandru"]
[Black "Nanu, Ciprian Costica"]
[Result "0-1"]
[WhiteElo "1990"]
[BlackElo "2476"]
[PlyCount "74"]
[EventDate "2022.03.13"]
[EventType "swiss (blitz)"]
[EventRounds "9"]
[EventCountry "ROU"]
[SourceTitle "EXT 2023"]
[Source "ChessBase"]
[SourceDate "2022.10.05"]
[SourceVersion "1"]
[SourceVersionDate "2022.10.05"]
[SourceQuality "1"]

1. d4 d6 2. e4 e5 3. Nf3 exd4 4. Qxd4 Nc6 5. Qd3 Nf6 6. a3 Be7 7. Nc3 0-0 8. g3 Ne5 9. Nxe5 dxe5 10. Be3 c6 11. Qe2 Ng4 12. Rd1 Qc7 13. Bg2 Nxe3 14. Qxe3 Qb6 15. Qxb6 axb6 16. 0-0 Be6 17. f4 Rfd8 18. Rxd8+ Rxd8 19. Rd1 Rxd1+ 20. Nxd1 exf4 21. gxf4 f6 22. Kf2 g5 23. f5 Bf7 24. Ne3 b5 25. Bf1 Kf8 26. c4 b4 27. a4 Bc5 28. b3 Ke7 29. Kf3 h5 30. h3 Kd6 31. Nc2 Ke5 32. Bd3 Bd6 33. Bf1 g4+ 34. hxg4 hxg4+ 35. Kxg4 Kxe4 36. Ne1 Ke3 37. Nd3 c5 0-1

[Event "ROM-ch Rapid"]
[Site "Bucharest"]
[Date "2022.03.12"]
[Round "6"]
[White "Negrean, Andrei"]
[Black "Paraschiv, Paul Alexandru"]
[Result "1-0"]
[WhiteElo "1941"]
[BlackElo "2143"]
[PlyCount "63"]
[EventDate "2022.03.11"]
[EventType "swiss (rapid)"]
[EventRounds "9"]
[EventCountry "ROU"]
[SourceTitle "CBM 207 Extra"]
[Source "ChessBase"]
[SourceDate "2022.05.31"]
[SourceVersion "1"]
[SourceVersionDate "2022.05.31"]
[SourceQuality "1"]

1. e4 e6 2. d4 d5 3. Nd2 dxe4 4. Nxe4 Nd7 5. Nf3 Ngf6 6. Nxf6+ Nxf6 7. Bd3 Be7 8. 0-0 0-0 9. Ne5 c5 10. dxc5 Bxc5 11. Bg5 Be7 12. Qf3 Qc7 13. Rfe1 Rb8 14. Qg3 Nh5 15. Qh4 Bxg5 16. Qxh5 h6 17. Re4 f5 18. Re2 b5 19. Rae1 a6 20. g3 Bf6 21. Qg6 Bb7 22. g4 Rbd8 23. gxf5 Rxd3 24. cxd3 Qc5 25. Qg3 Qd5 26. f3 exf5 27. Kg2 f4 28. Qg4 Bxe5 29. Rxe5 Qxd3 30. Re7 Rf7 31. Rxf7 Kxf7 32. Qe6+ 1-0

[Event "ROM-ch Rapid"]
[Site "Bucharest"]
[Date "2022.03.12"]
[Round "3"]
[White "Paraschiv, Paul Alexandru"]
[Black "Nanu, Ciprian Costica"]
[Result "0-1"]
[WhiteElo "2143"]
[BlackElo "2513"]
[PlyCount "58"]
[EventDate "2022.03.11"]
[EventType "swiss (rapid)"]
[EventRounds "9"]
[EventCountry "ROU"]
[SourceTitle "CBM 207 Extra"]
[Source "ChessBase"]
[SourceDate "2022.05.31"]
[SourceVersion "1"]
[SourceVersionDate "2022.05.31"]
[SourceQuality "1"]

1. d4 d6 2. e4 e5 3. Nf3 exd4 4. Nxd4 Nf6 5. Nc3 Be7 6. Bd3 0-0 7. 0-0 Nbd7 8. h3 Nc5 9. f4 Re8 10. Qf3 Bf8 11. Bd2 c6 12. Kh1 Qb6 13. Nb3 Nxd3 14. Qxd3 a5 15. Be3 Qa6 16. Bd4 Qxd3 17. cxd3 Nd7 18. Bf2 b5 19. Rfe1 Bb7 20. Rad1 a4 21. Nd4 b4 22. Nce2 Rac8 23. Nc2 c5 24. a3 d5 25. e5 f6 26. exf6 Nxf6 27. Bh4 b3 28. Na1 d4 29. Bxf6 gxf6 0-1

[Event "Arad op-A 14th"]
[Site "Arad"]
[Date "2021.08.06"]
[Round "9"]
[White "Ionescu, Mihai"]
[Black "Paraschiv, Paul Alexandru"]
[Result "1/2-1/2"]
[WhiteElo "2271"]
[BlackElo "2099"]
[PlyCount "202"]
[EventDate "2021.07.30"]
[EventType "swiss"]
[EventRounds "9"]
[EventCountry "ROU"]
[SourceTitle "CBM 203 Extra"]
[Source "ChessBase"]
[SourceDate "2021.09.30"]
[SourceVersion "1"]
[SourceVersionDate "2021.09.30"]
[SourceQuality "1"]

1. Nf3 Nf6 2. c4 e6 3. g3 d5 4. Bg2 Be7 5. d4 0-0 6. 0-0 dxc4 7. Qc2 b5 8. a4 Bb7 9. axb5 a6 10. Nc3 c5 11. dxc5 Bxc5 12. Bg5 Nbd7 13. bxa6 Rxa6 14. Rxa6 Bxa6 15. Qa4 Qb6 16. Nd2 Ne5 17. Bxf6 gxf6 18. Qc2 Qa5 19. Nf3 Ng4 20. Ne4 Be7 21. h3 Nh6 22. Rd1 f5 23. Nc3 Rb8 24. Rd7 Bf6 25. Qd2 Kg7 26. Nd4 Kg6 27. Kh2 Rd8 28. Rxd8 Qxd8 29. e3 e5 30. Nf3 Qd3 31. Qc1 e4 32. Ng1 Be5 33. Nge2 Ng8 34. Bf1 Qd6 35. Nf4+ Kg7 36. Ncd5 Ne7 37. Nxe7 Qxe7 38. Bxc4 Bxc4 39. Qxc4 Bxb2 40. Qc6 h6 41. Nh5+ Kh7 42. Nf4 Be5 43. Qc8 Qf6 44. Nd5 Qe6 45. Qb7 Bd6 46. Kg2 Kg7 47. Qb5 Be5 48. Nb6 Kh7 49. Nc4 Bf6 50. Qc5 Kg6 51. Qc7 Qd5 52. Qc8 Bg7 53. Qa6+ Kh7 54. Qa4 Kg6 55. Qc2 Bf6 56. Nd2 h5 57. h4 Be7 58. Nb3 Bf6 59. Nc1 Be5 60. Ne2 Qd6 61. Qc8 Qf6 62. Ng1 Kg7 63. Nh3 Qe6 64. Qb7 Qg6 65. Ng5 Qf6 66. Qd7 Ba1 67. Qd1 Kg6 68. Qd7 Kg7 69. Qe8 Bb2 70. Qb5 Bc3 71. Qb3 Ba1 72. Qd5 Bb2 73. Qd1 Kg6 74. Qb1 Kg7 75. Qa2 Bc3 76. Qe2 Kg6 77. Qc4 Be5 78. Qa2 Kg7 79. Qd5 Bb2 80. Kh2 Bc3 81. Nh3 Be5 82. Qd1 Kg6 83. Kg2 Kh6 84. Qd7 Kg7 85. Qc8 Qg6 86. Qc5 Qf6 87. Qd5 Kg6 88. Ng1 Kg7 89. Ne2 Kg6 90. Qd2 Kg7 91. Nd4 Kg6 92. Ne2 Kg7 93. Qd7 Qe6 94. Qb5 Qf6 95. Qc4 Qe6 96. Qc1 Qd5 97. Ng1 Qd6 98. Nh3 Qf6 99. Ng5 Bb2 100. Qd1 Kg6 101. Qd5 Kg7 1/2-1/2

[Event "ROM-ch U20"]
[Site "Mamaia"]
[Date "2021.04.11"]
[Round "6"]
[White "Paraschiv, Paul Alexandru"]
[Black "Calin, Alexandru"]
[Result "1-0"]
[WhiteElo "2031"]
[BlackElo "2107"]
[PlyCount "91"]
[EventDate "2021.04.07"]
[EventType "swiss"]
[EventRounds "9"]
[EventCountry "ROU"]
[SourceTitle "EXT 2022"]
[Source "ChessBase"]
[SourceDate "2021.10.06"]
[SourceVersion "1"]
[SourceVersionDate "2021.10.06"]
[SourceQuality "1"]

1. e4 d6 2. d4 Nf6 3. Bd3 e5 4. c3 Nbd7 5. Nf3 Be7 6. Qe2 0-0 7. 0-0 c6 8. a4 b6 9. h3 Re8 10. Re1 Qc7 11. Nbd2 Nf8 12. dxe5 dxe5 13. Nc4 Ng6 14. Qc2 Nh5 15. Bf1 Nhf4 16. Be3 Bf8 17. Rad1 b5 18. Ncd2 Rb8 19. Ra1 a6 20. Nb3 Qe7 21. Kh2 Qf6 22. Nbd2 c5 23. axb5 axb5 24. b3 Qb6 25. Ra2 Bb7 26. Rea1 Ra8 27. Rxa8 Bxa8 28. Qa2 Qb8 29. Qa7 Ne6 30. Qxb8 Rxb8 31. Bxb5 Bxe4 32. Bc4 Bxf3 33. gxf3 Nh4 34. Ra6 Rd8 35. Ne4 Nc7 36. Ra7 Nd5 37. Bxc5 Bxc5 38. Nxc5 h6 39. Nd7 Nxc3 40. Nxe5 Rd2 41. Bxf7+ Kh7 42. Kg3 Ne2+ 43. Kxh4 Rd4+ 44. Kh5 Nf4+ 45. Kg4 Nd5+ 46. Kg3 1-0

[Event "ROM-ch U20"]
[Site "Mamaia"]
[Date "2021.04.09"]
[Round "3"]
[White "Paraschiv, Paul Alexandru"]
[Black "Stefan, Mihai"]
[Result "0-1"]
[WhiteElo "2031"]
[BlackElo "2077"]
[PlyCount "68"]
[EventDate "2021.04.07"]
[EventType "swiss"]
[EventRounds "9"]
[EventCountry "ROU"]
[SourceTitle "EXT 2022"]
[Source "ChessBase"]
[SourceDate "2021.10.06"]
[SourceVersion "1"]
[SourceVersionDate "2021.10.06"]
[SourceQuality "1"]

1. e4 e5 2. Nf3 Nc6 3. Bc4 Nf6 4. Ng5 d5 5. exd5 Na5 6. Bb5+ c6 7. dxc6 bxc6 8. Be2 h6 9. Nf3 e4 10. Ne5 Bc5 11. c3 Qd5 12. d4 exd3 13. Nxd3 Bb6 14. Bf3 Qe6+ 15. Qe2 Qxe2+ 16. Bxe2 0-0 17. Na3 Re8 18. Kf1 Ba6 19. Bf4 g5 20. Bg3 Rad8 21. Rd1 Ne4 22. Nb1 Nc5 23. b4 Bxd3 24. Bxd3 Nxd3 25. bxa5 Bxa5 26. h4 g4 27. Kg1 h5 28. Kh2 f5 29. Rhf1 f4 30. Rxd3 fxg3+ 31. Rxg3 Bc7 32. f4 Re4 33. Na3 Rxf4 34. Rb1 Ra4 0-1

[Event "ROM-ch U20"]
[Site "Mamaia"]
[Date "2021.04.07"]
[Round "1"]
[White "Paraschiv, Paul Alexandru"]
[Black "Nastore, Pavel Alexandru"]
[Result "1-0"]
[WhiteElo "2031"]
[BlackElo "2256"]
[PlyCount "49"]
[EventDate "2021.04.07"]
[EventType "swiss"]
[EventRounds "9"]
[EventCountry "ROU"]
[SourceTitle "EXT 2022"]
[Source "ChessBase"]
[SourceDate "2021.10.06"]
[SourceVersion "1"]
[SourceVersionDate "2021.10.06"]
[SourceQuality "1"]

1. e4 c5 2. Nf3 d6 3. d4 cxd4 4. Qxd4 e5 5. Bb5+ Nd7 6. Qd3 a6 7. Bxd7+ Bxd7 8. Nc3 h6 9. Be3 Nf6 10. h3 Be6 11. 0-0 Be7 12. Nd2 d5 13. exd5 Nxd5 14. Nf3 Bf6 15. Ne4 0-0 16. Nxf6+ Qxf6 17. Qe4 Qf5 18. Qxe5 Qxc2 19. Nd4 Qg6 20. Rfe1 Rae8 21. Nxe6 fxe6 22. Rad1 Rf5 23. Qe4 Qf7 24. Bc1 Rf6 25. Rxd5 1-0

[Event "Romania blitz online op final"]
[Site "Chess.com INT"]
[Date "2020.05.06"]
[Round "9"]
[White "Daianu, Cristian Clement"]
[Black "Paraschiv, Paul Alexandru"]
[Result "1-0"]
[WhiteElo "2224"]
[BlackElo "2061"]
[PlyCount "129"]
[EventDate "2020.05.06"]
[EventType "swiss (blitz)"]
[EventRounds "9"]
[EventCountry "ROU"]
[SourceTitle "CBM 196 Extra"]
[Source "ChessBase"]
[SourceDate "2020.07.31"]
[SourceVersion "1"]
[SourceVersionDate "2020.07.31"]
[SourceQuality "1"]

1. e4 e6 2. d4 d5 3. Nd2 dxe4 4. Nxe4 Nd7 5. Nf3 Ngf6 6. Nxf6+ Nxf6 7. Bd3 c5 8. Bg5 cxd4 9. Nxd4 Be7 10. Nf3 0-0 11. Qe2 Nd5 12. h4 Nb4 13. Bxh7+ Kxh7 14. Bxe7 Qxe7 15. Ng5+ Kg6 16. 0-0-0 e5 17. a3 Nc6 18. g4 f6 19. Qe4+ f5 20. gxf5+ Bxf5 21. Qg2 Kh6 22. Rhg1 Rad8 23. Rde1 Qc5 24. Ne4 Qe7 25. Ng3 Bh7 26. f3 Rf4 27. Ne4 Nd4 28. Re3 Nf5 29. Rc3 Nxh4 30. Rh1 g5 31. Rb3 Bxe4 32. fxe4 Rdf8 33. Kb1 Rf1+ 34. Qxf1 Rxf1+ 35. Rxf1 g4 36. Rg3 Kg5 37. Rfg1 Qe6 38. b3 Kh5 39. Rh1 Kg5 40. Rhg1 Kf4 41. Kb2 Nf3 42. R1g2 Qd7 43. Kb1 Kxe4 44. Rxg4+ Ke3 45. Rc4 e4 46. Kb2 Qd6 47. Rg8 Qf6+ 48. Ka2 Nd2 49. Rcc8 Ke2 50. Rg2+ Kf1 51. Rxd2 e3 52. Rdd8 Qg7 53. Rf8+ Ke1 54. Rce8 e2 55. Rf3 Kd1 56. Rfe3 Kxc2 57. Rxe2+ Kd3 58. R8e3+ Kd4 59. Re7 Qg3 60. Rxb7 Kd3 61. Rbe7 Kd4 62. Rxa7 Qf3 63. Rae7 Kd5 64. R7e3 Qf7 65. a4 1-0

[Event "ROM-ch U18"]
[Site "Calimanesti Caciulata"]
[Date "2019.04.22"]
[Round "9"]
[White "Paraschiv, Paul Alexandru"]
[Black "Dumitru, Matei Ioan"]
[Result "1/2-1/2"]
[WhiteElo "2008"]
[BlackElo "2221"]
[PlyCount "29"]
[EventDate "2019.04.15"]
[EventType "swiss"]
[EventRounds "9"]
[EventCountry "ROU"]
[SourceTitle "CBM 190 Extra"]
[Source "ChessBase"]
[SourceDate "2019.07.15"]
[SourceVersion "1"]
[SourceVersionDate "2019.07.15"]
[SourceQuality "1"]

1. d4 Nf6 2. Bg5 e6 3. Nd2 h6 4. Bh4 c5 5. e3 b6 6. Bd3 Bb7 7. Ngf3 Be7 8. c3 0-0 9. 0-0 cxd4 10. cxd4 Nc6 11. a3 d5 12. h3 Rc8 13. Rc1 Nd7 14. Bxe7 Qxe7 15. Qe2 1/2-1/2